00801cam a22002411 450000100060000000300080000600500170001400800410003103500190007203500190009104000270011004100080013708200190014510000300016424500620019426000450025630000300030150400490033165000310038094200120041199900170042395201190044035736BD-RjUL20211209052354.0140531s1966 enk b 001 0 eng d a(BD-RjUL)35831 a(OCoLC)4096656 aDLCcCCCdBD-RjULbeng aeng a320bSUI 19661 aSullivan, John L.910884103aIntroduction to political science /cby Sullivan, John L. aLondon :bMcGraw-Hill Book Com.,cc1966. aix, 307 [1] p. ;c20 cm. aIncludes index and Bibliography: p. 321-323. 0aPolitical science.9108842 2ddccBK c35736d35736 00102ddc40718NFICaRUCLbRUCLcReadingd2014-05-31l0o320 SUI 1966r2014-05-31 00:00:00tC-1w2014-05-31yBK